00776nam a2200181 a 450000100100000000500170001000800410002704000250006808200140009310000380010724500770014526000370022230000340025950000760029350400230036995201850039299900170057700004222720201002040021.0131120s1968 sp ac 000 0 spa d aDO-SdBNPbspacBNPHU axxxxbxxx1 aValdivia Sánchez, Carmen96924910aIntroducción al estudio de la didactica. /cCarmen Valdivia Sánchez. aMadrid :bIter ediciones,c1968. a45 p. :bil., retr. ;c23 cm. aPerteneció a la biblioteca personal de Aída Cartagena Portalatín. aBibliografia p: 45 001050718MOaPDbPDcCTd2013-11-20iLF1l0oxxxx xxxp42227-10r2020-06-25w2020-06-25y1zPerteneció a la biblioteca personal de Aída Cartagena Portalatín.ZNo se presta c41716d41716